<?xml version="1.0" encoding="UTF-8"?><?xml-stylesheet type="text/xsl" href="static/style.xsl"?><OAI-PMH xmlns="http://www.openarchives.org/OAI/2.0/" xmlns:xsi="http://www.w3.org/2001/XMLSchema-instance" xsi:schemaLocation="http://www.openarchives.org/OAI/2.0/ http://www.openarchives.org/OAI/2.0/OAI-PMH.xsd"><responseDate>2026-04-14T17:02:05Z</responseDate><request verb="GetRecord" identifier="oai:uvadoc.uva.es:10324/36729" metadataPrefix="marc">https://uvadoc.uva.es/oai/request</request><GetRecord><record><header><identifier>oai:uvadoc.uva.es:10324/36729</identifier><datestamp>2021-06-29T23:48:53Z</datestamp><setSpec>com_10324_38</setSpec><setSpec>col_10324_852</setSpec></header><metadata><record xmlns="http://www.loc.gov/MARC21/slim" xmlns:doc="http://www.lyncode.com/xoai" xmlns:xsi="http://www.w3.org/2001/XMLSchema-instance" xmlns:dcterms="http://purl.org/dc/terms/" xsi:schemaLocation="http://www.loc.gov/MARC21/slim http://www.loc.gov/standards/marcxml/schema/MARC21slim.xsd">
<leader>00925njm 22002777a 4500</leader>
<datafield tag="042" ind1=" " ind2=" ">
<subfield code="a">dc</subfield>
</datafield>
<datafield tag="720" ind1=" " ind2=" ">
<subfield code="a">Arribas Bueno, Ada</subfield>
<subfield code="e">author</subfield>
</datafield>
<datafield tag="260" ind1=" " ind2=" ">
<subfield code="c">2019</subfield>
</datafield>
<datafield tag="520" ind1=" " ind2=" ">
<subfield code="a">El climaterio es una etapa caracterizada por un conjunto de cambios físicos, psíquicos y sociales. El entorno socio-cultural influye en la vivencia de esta etapa vital de cada mujer y a su vez en el nivel de bienestar. Se busca analizar el apoyo social percibido por las mujeres climatéricas residentes en Valladolid. Estudio cuantitativo, descriptivo correlacional, transversal y retrospectivo, con metodología de encuesta. Se estudiaron variables sociodemográficas y apoyo social percibido, mediante la escala de apoyo social funcional DUKE-UNK-11, en 155 mujeres de 45 a 64 años residentes en Valladolid. En conjunto, un 20,65% de las mujeres obtuvieron puntuaciones &lt;32 en el cuestionario, lo que se asocia con una menor percepción de apoyo social. Se observó una media ligeramente más elevada en mujeres posmenopáusicas de 55-64 años (M=41,04) y por tanto mejor apoyo social, que en el grupo de las perimenopáusicas (M=40,61). Se obtuvo un buen apoyo social en general. Los factores sociales tampoco mostraron correlaciones relevantes con el apoyo social percibido, salvo una ligera tendencia a percibir mayor apoyo social en aquellas mujeres posmenopáusicas.</subfield>
</datafield>
<datafield tag="024" ind2=" " ind1="8">
<subfield code="a">http://uvadoc.uva.es/handle/10324/36729</subfield>
</datafield>
<datafield tag="245" ind1="0" ind2="0">
<subfield code="a">Análisis del apoyo social percibido por las mujeres climatéricas</subfield>
</datafield>
</record></metadata></record></GetRecord></OAI-PMH>